000 00725nam a22002057a 4500
999 _c2197
_d2197
003 OSt
005 20210707073500.0
008 210707b ||||| |||| 00| 0 eng d
020 _a-
040 _cALUPE UNIVERSITY
050 _aP201
_b.C42 1980
100 _aJames A. Chapman
245 _aGrammar and composition Book Four
_bA work Text for Christian Schools
260 _aPensacola, Fla
_bA Beka Book Publications
_cc1980
300 _a420p
_b: illustrations
_c; 28 cm.
500 _aRelated material: English 10 curriculum. Includes indexes.
650 _aEnglish language -- Grammar -- Study and teaching (Secondary)
650 _vEnglish language -- Writing -- Study and teaching (Secondary)
942 _2lcc
_cBK
_nMW